Library Banner

Introduction to probability and statistics for engineers and scientists / (Record no. 136937)

MARC details
000 -LEADER
fixed length control field 00581nam a2200217Ia 4500
001 - CONTROL NUMBER
control field 72918
005 - DATE AND TIME OF LATEST TRANSACTION
control field 20250220104152.0
008 - FIXED-LENGTH DATA ELEMENTS--GENERAL INFORMATION
fixed length control field 250220s9999 xx 000 0 und d
020 ## - INTERNATIONAL STANDARD BOOK NUMBER
International Standard Book Number 9780128243466
040 ## - CATALOGING SOURCE
Transcribing agency PK-LaUMT
082 ## - DEWEY DECIMAL CLASSIFICATION NUMBER
Classification number 519.50245
Item number ROS-I
100 ## - MAIN ENTRY--PERSONAL NAME
Personal name Ross, Sheldon M.
245 ## - TITLE STATEMENT
Title Introduction to probability and statistics for engineers and scientists /
Statement of responsibility, etc Ross, Sheldon M.
250 ## - EDITION STATEMENT
Edition statement 6th ed.
260 ## - PUBLICATION, DISTRIBUTION, ETC. (IMPRINT)
Place of publication, distribution, etc Oxford :
Name of publisher, distributor, etc Elsevier,
Date of publication, distribution, etc 2021
300 ## - PHYSICAL DESCRIPTION
Extent 687 p.
546 ## - LANGUAGE NOTE
Language note EN
650 ## - SUBJECT ADDED ENTRY--TOPICAL TERM
Topical term or geographic name as entry element Statistics
650 ## - SUBJECT ADDED ENTRY--TOPICAL TERM
Topical term or geographic name as entry element Probability
942 ## - ADDED ENTRY ELEMENTS (KOHA)
Koha item type Books
Holdings
Withdrawn status Lost status Damaged status Home library Current library Date acquired Full call number Barcode Date last seen Price effective from Koha item type
      UMT Main Campus UMT Main Campus 2025-02-20 519.50245 ROS-I 148808 2025-02-20 2025-02-20 Books